|
|
|
|
| LEADER |
00977nam a2200265 a 4500 |
| 001 |
13661855 |
| 008 |
100708s2004 nyua 000 0 eng d |
| 010 |
|
|
|a 2004555590
|
| 020 |
|
|
|a 8177224808
|
| 020 |
|
|
|a 0072253592
|
| 040 |
|
|
|a IOB
|c IOB
|d DLC
|d BD-DhAAL
|
| 082 |
0 |
0 |
|a 005.7/3
|2 22
|
| 100 |
1 |
|
|a Keogh, James Edward,
|d 1948-
|
| 245 |
1 |
0 |
|a Data structures :
|b principles and fundamentals /
|c James Keogh & Ken Davidson.
|
| 260 |
|
|
|a New York :
|b McGraw-Hill/Osborne ;
|a New Delhi :
|b Dreamtech
|c 2004.
|
| 300 |
|
|
|a xviii, 277 p. :
|b ill. ;
|c 23 cm.
|
| 500 |
|
|
|a Includes quizzes and answers.
|
| 500 |
|
|
|a Includes index.
|
| 541 |
1 |
|
|e 00020584
|
| 650 |
|
0 |
|a Data structures (Computer science)
|
| 700 |
1 |
|
|a Davidson, Ken.
|
| 852 |
4 |
|
|a Ayesha Abed Library
|j General shelf
|
| 942 |
0 |
0 |
|0 1
|
| 999 |
|
|
|c 9319
|d 9319
|
| 952 |
|
|
|0 0
|1 0
|2 ddc
|4 0
|6 005_730000000000000_KEO_2004
|7 0
|9 11865
|a BRACUL
|b BRACUL
|c GEN
|d 2010-09-20
|l 14
|m 182
|o 005.73 KEO
|p 3010020584
|r 2025-12-09
|s 2025-04-13
|t 1
|w 2010-09-20
|y BK
|